000 02451nam a2200289 a 4500
001 000021263
003 DO-SdBNP
005 20240927073747.0
008 100903t2004 dr ac 001 0 spa d
020 _z9993432026
040 _aDO-SdBNP
_bspa
_cBNPHU
049 _aBNPD
082 _a972.93053
_bR696t, 2004
100 1 _aRodríguez León, Francisco
_944445
245 1 0 _aTrujillo y Balaguer :
_bentre la espada y la palabra [1930-1962] /
_cFrancisco Rodríguez León.
250 _a[2ª ed.]
260 _aSanto Domingo :
_bNostrum :
_bLetra Gráfica,
_c2004.
300 _a725 p. :
_bil., retrs. ;
_c24 cm.
500 _aIncluye datos biográficos del autor en la solapa de la cubierta.
504 _aBibliografía : p.706-718
505 0 _gPrólogo --
_gPreludio --
_tOrígenes: el soldado --
_tOrígenes: el intelectual --
_tAntecedentes --
_gPrimera década (1930-1939) :
_tPrimer período (1930-1934): escenario político --
_tPrimer período (1930-1934): la economía --
_tGénesis de un cortesano --
_tSegundo período (1934-1938) --
_tUn holocausto tropical --
_tLa presidencia de papel: Jacinto B. Peynado (1938-1940) --
_gSegunda década (1940-1949) :
_tLa presidencia de cartón: Manuel de Js. Troncoso de La Concha (1940-1942) --
_tEl retorno del bárbaro --
_tLa dominicanización de la frontera --
_tEl exilio del cortesano (1940-1949) --
_gTercera década (1950-1959) :
_tEl regreso del cortesano --
_tEl Anselmato (1950-1954) --
_tApoteosis: la feria de las ilusiones --
_tEl delfín y el cortesano --
_tLa vicepresidencia del cortesano --
_tAsí habló el cortesano --
_gDesenlace (1960-1962) :
_tVorágine: la rebelión de un país --
_tVértigo: la presidencia del cortesano --
_tSoliloquio (I) --
_tEl cortesano y el "30 de mayo" --
_tFunerales de Estado
_tLos nuevos tiempos --
_tMalicia en el país de las maravillas --
_tLas cortinas del palacio no son de terciopelo azul --
_tLa insurrección de Santiago --
_tEl cortesano y el asesinato de los héroes del "30 de mayo" --
_tLa silla de alfileres --
_tInterregno --
_tUn consejo para el cortesano --
_gReflexiones --
_gSoliloquio (II) --
_gAnexo--
_gBibliografía principal --
_gBibliografía adicional --
_gDocumentos.
600 1 0 _a Balaguer, Joaquín,
_d1906-2002
_976556
600 1 0 _aTrujillo Molina, Rafael Leónidas,
_d 1891-1961
_976764
651 1 4 _aRepública Dominicana
_xPolítica y gobierno
_yEra de Trujillo, 1930-1961
_91374
910 _aValidado. Control de calidad EMS.
942 _2ddc
_cLBS1
999 _c20763
_d20763